Tăng tốc bán hàng bằng SPIN = SPIN selling

保存先:
書誌詳細
フォーマット: Sách
言語:Undetermined
出版事項:  Lao động - Xã hội  2013
主題:
タグ: タグ追加
タグなし, このレコードへの初めてのタグを付けませんか!
Thư viện lưu trữ: Trung tâm Thư viện - Trường Đại học Công nghiệp TP. Hồ Chí Minh
LEADER 00439nam a2200133Ia 4500
001 UIH_05037
008 231011s9999 xx 000 0 und d
082 |a  658.81 
245 0 |a  Tăng tốc bán hàng bằng SPIN = SPIN selling 
260 |b  Lao động - Xã hội 
260 |c  2013 
650 |a  Bán hàng;  
927 |a Sách 
980 |a Trung tâm Thư viện - Trường Đại học Công nghiệp TP. Hồ Chí Minh